ロード中...
Neurologic disorders
| 主要な著者: | , , |
|---|---|
| 出版事項: |
Baltimore, Mosby Yearbook
1992
|
| 主題: |
| LEADER | 005190000a22001690004500 | ||
|---|---|---|---|
| 020 | |a 0-8016-1372-8 | ||
| 082 | |a 616.8 N2 | ||
| 100 | |a Campbell, Victor G | ||
| 100 | |a Chipps, Esther M | ||
| 100 | |a Clanin, Norma J | ||
| 245 | |a Neurologic disorders | ||
| 260 | |a Baltimore, Mosby Yearbook | ||
| 260 | |c 1992 | ||
| 650 | |a Neurologic disorders | ||
| 650 | |a Neurologic rehabilitation | ||
| 999 | |c 89669 |d 89669 | ||
| 952 | |0 0 |1 0 |4 0 |6 616_800000000000000_N2 |7 0 |9 82003 |a SBES |b SBES |d 2016-08-12 |l 0 |o 616.8 N2 |p SBES01251 |r 2016-08-12 |w 2016-08-12 | ||